Kraje Ameryki Łacińskiej-quiz na mapie - Statystyki

Ogólne statystyki
  • Ten quiz został rozwiązany 160 razy
  • Średni wynik to 15 z 20
Odpowiedzi na mapie
Odpowiedzi zakodowano w zielono-czerwonej skali na mapie do tego quizu, zgodnie z poniższymi procentami.
 
Statystyki odpowiedzi
Odpowiedź % Poprawnych
Brazylia
94%
Argentyna
92%
Chile
90%
Meksyk
89%
Peru
80%
Dominikana
77%
Kolumbia
75%
Kuba
75%
Boliwia
74%
Urugwaj
74%
Panama
73%
Wenezuela
73%
Ekwador
72%
Paragwaj
72%
Haiti
67%
Gwatemala
60%
Kostaryka
58%
Salwador
55%
Honduras
51%
Nikaragua
51%
Nie znaleziono quizów pasujących do podanych kryteriów
Rozkład punktacji
Procent ludzi z każdym wynikiem
Percentyl według liczby udzielonych odpowiedzi
Twoja historia wyników
Nie rozwiązałeś tego quizu